000 00307nam a2200121Ia 4500
008 190216s9999||||xx |||||||||||||| ||und||
100 _aBalaguruswamy.E
245 0 _aFortran 4 For Beginners
260 _bTata Mcgraw Hill Publishing Company Ltd
_c1985
300 _a186 p
650 _aComputer
942 _cBK
999 _c8349
_d8349